Svédország természeti adottságainak környezettudatos hasznosítása a turizmus és vendéglátás terén
| Szerző: | |
|---|---|
| További közreműködők: | |
| Dokumentumtípus: | Diplomadolgozat |
| Kulcsszavak: | Turizmus, svéd Gasztronómia, svéd Svédasztal Konyha, számi Vendéglátás, svéd |
| Online Access: | http://dolgozattar.uni-bge.hu/59414 |
MARC
| LEADER | 00000nta a2200000 i 4500 | ||
|---|---|---|---|
| 001 | dolg59414 | ||
| 005 | 20260115115903.0 | ||
| 008 | 260115suuuu hu om 000 hun d | ||
| 040 | |a BGE Dolgozattár Repozitórium |b hun | ||
| 041 | |a hu | ||
| 100 | 1 | |a Várkonyi Benjámin | |
| 245 | 1 | 0 | |a Svédország természeti adottságainak környezettudatos hasznosítása a turizmus és vendéglátás terén |c Várkonyi Benjámin |h [elektronikus dokumentum] |
| 695 | |a Turizmus, svéd | ||
| 695 | |a Gasztronómia, svéd | ||
| 695 | |a Svédasztal | ||
| 695 | |a Konyha, számi | ||
| 695 | |a Vendéglátás, svéd | ||
| 700 | 1 | |a Gundel Dr. János |e ths | |
| 856 | 4 | 0 | |u http://dolgozattar.uni-bge.hu/59414/1/Varkonyi-Benjamin.pdf |z Dokumentum-elérés |